| 000 -LEADER |
| fixed length control field |
00921cam a2200265 a 4500 |
| 001 - CONTROL NUMBER |
| control field |
544945 |
| 003 - CONTROL NUMBER IDENTIFIER |
| control field |
SCU |
| 005 - DATE AND TIME OF LATEST TRANSACTION |
| control field |
20190729143255.0 |
| 008 - FIXED-LENGTH DATA ELEMENTS--GENERAL INFORMATION |
| fixed length control field |
080915s2009 nyu 000 0 eng d |
| 020 ## - INTERNATIONAL STANDARD BOOK NUMBER |
| International Standard Book Number |
9780312561284 |
| 020 ## - INTERNATIONAL STANDARD BOOK NUMBER |
| International Standard Book Number |
0312561288 |
| 040 ## - CATALOGING SOURCE |
| Modifying agency |
SCU |
| Transcribing agency |
KH8 |
| 042 ## - AUTHENTICATION CODE |
| Authentication code |
nbic |
| 082 ## - DEWEY DECIMAL CLASSIFICATION NUMBER |
| Classification number |
FIC ZEV |
| 100 1# - MAIN ENTRY--PERSONAL NAME |
| Personal name |
Zevin, Gabrielle. |
| Relator term |
author |
| 245 10 - TITLE STATEMENT |
| Title |
Memoirs of a teenage amnesiac / |
| Statement of responsibility, etc. |
Gabrielle Zevin. |
| 260 ## - PUBLICATION, DISTRIBUTION, ETC. |
| Place of publication, distribution, etc. |
New York : |
| Name of publisher, distributor, etc. |
Square Fish ; |
| -- |
Farrar Straus Giroux, |
| Date of publication, distribution, etc. |
2009. |
| 300 ## - PHYSICAL DESCRIPTION |
| Extent |
284 p. ; |
| Dimensions |
21 cm. |
| 500 ## - GENERAL NOTE |
| General note |
Includes interview with the author, discussion guide, and excerpt from Elsewhere. |
| 520 ## - SUMMARY, ETC. |
| Summary, etc. |
After a nasty fall, Naomi realizes that she has no memory of the last four years and finds herself reassessing every aspect of her life. |
| 650 #0 - SUBJECT ADDED ENTRY--TOPICAL TERM |
| Topical term or geographic name entry element |
Amnesia |
| Form subdivision |
Juvenile fiction. |
| 650 #0 - SUBJECT ADDED ENTRY--TOPICAL TERM |
| Topical term or geographic name entry element |
Friendship |
| Form subdivision |
Juvenile fiction. |
| 650 #0 - SUBJECT ADDED ENTRY--TOPICAL TERM |
| Topical term or geographic name entry element |
High schools |
| Form subdivision |
Juvenile fiction. |
| 942 ## - ADDED ENTRY ELEMENTS (KOHA) |
| Source of classification or shelving scheme |
|
| Koha item type |
Books - Fiction |